Statistics for 5 most populated countries by continent

Click here to take the quiz!

General Stats

  • This quiz has been taken 309 times
  • The average score is 24 of 30

Answer Stats

HintAnswer% Correct
Russia
98%
China
93%
Germany
92%
France
91%
United Kingdom
91%
Australia
90%
India
90%
Mexico
90%
United States of America
90%
Canada
89%
Nigeria
89%
Brazil
87%
Italy
87%
Colombia
83%
Indonesia
83%
Argentina
82%
New Zealand
82%
Peru
77%
Egypt
76%
Venezuela
76%
Pakistan
74%
Papua New Guinea
71%
Ethiopia
69%
Bangladesh
67%
Guatemala
67%
South Africa
67%
Cuba
65%
Fiji
65%
Dem. Rep. of the Congo
63%
Solomon Islands
54%

Score Distribution

Percentile by Number Answered

Percent of People with Each Score

Your Score History

You have not taken this quiz